| 000 | 00520nam a2200229Ia 4500 | ||
|---|---|---|---|
| 999 |
_c12844 _d12844 |
||
| 003 | 0100 | ||
| 005 | 20170314095908.0 | ||
| 008 | 130303s9999 xx 000 0 und d | ||
| 020 | _a0534561381 | ||
| 040 | _cARRUPELIB | ||
| 050 | _aBJ1012.P65 2001 | ||
| 100 |
_aPojman, Louis P _929366 |
||
| 245 | _aEthics | ||
| 245 | _bDiscovering right and wrong | ||
| 250 | _a4th ed. | ||
| 260 | _aBelmont, CA | ||
| 260 | _bWadsworth/Thomson Learning | ||
| 300 | _axviii | ||
| 300 | _b 285p. 25cm | ||
| 650 |
_aEthics _929367 |
||
| 942 | 0 | 0 |
_023 _2lcc _cMONOGRAPH |